Hướng dẫn giải các bài toán xác suất - thống kê
Zapisane w:
| 1. autor: | |
|---|---|
| Format: | Książka |
| Język: | Undetermined |
| Wydane: |
Hà Nội
Đại học Quốc gia Hà Nội
2006
|
| Hasła przedmiotowe: | |
| Etykiety: |
Dodaj etykietę
Nie ma etykietki, Dołącz pierwszą etykiete!
|
| Thư viện lưu trữ: | Trung tâm Học liệu Trường Đại học Cần Thơ |
|---|
| LEADER | 00608nam a2200193Ia 4500 | ||
|---|---|---|---|
| 001 | CTU_112853 | ||
| 008 | 210402s9999 xx 000 0 und d | ||
| 020 | |c 27000 | ||
| 082 | |a 519.2076 | ||
| 082 | |b H450 | ||
| 100 | |a Đào, Hữu Hồ | ||
| 245 | 0 | |a Hướng dẫn giải các bài toán xác suất - thống kê | |
| 245 | 0 | |c Đào Hữu Hồ | |
| 260 | |a Hà Nội | ||
| 260 | |b Đại học Quốc gia Hà Nội | ||
| 260 | |c 2006 | ||
| 650 | |a Mathematical statistics,Probabilities | ||
| 904 | |i Hiếu | ||
| 980 | |a Trung tâm Học liệu Trường Đại học Cần Thơ | ||